Biggest cities in Spain - Statistics

General Stats
  • This quiz has been taken 47 times
  • The average score is 14 of 20
Answer Stats
Hint Answer % Correct
2 1,713,247 Barcelona
100%
1 3,477,497 Madrid
100%
3 841,558 Valencia
100%
5 688,714 Seville
98%
6 597,173 Malaga
93%
4 699,007 Zaragoza
93%
11 350,975 Bilbao
89%
7 477,631 Murcia
82%
20 235,294 Granada
80%
10 365,586 Alicante
77%
8 443,196 Palma
77%
18 251,277 A Coruna
75%
14 295,735 Vigo
70%
12 324,159 Cordoba
68%
13 301,798 Valladolid
61%
9 384,023 Las Palmas
59%
19 245,575 Elche
39%
16 271,259 Gijon
39%
17 260,402 Vitoria-Gasteiz
23%
15 292,161 L'Hospitalet de Llobraget
0%
No matching quizzes found
Score Distribution
Percent of People with Each Score
Percentile by Number Answered
Your Score History
You have not taken this quiz